Statistiques concernant Kpop idols

Cliquez ici pour prendre le quiz!

Statistiques générales

  • Ce quiz a été pris 390 fois
  • Le résultat moyen est 5 sur 8

Statistiques - réponses

Réponse% Correct
Felix
98%
Yeonjun
81%
Sana
76%
Moonbyul
61%
Wooyoung
61%
Seulgi
60%
Bae
50%
Onda
25%

Distribution des résultats

Percentile par nombre de réponses

% des personnes avec chaque résultat

Votre développement - résultats

Vous n’avez pas pris ce quiz